000 00266nam a22001217a 4500
082 _a823
_bBLY/N
100 _aBLYTON, ENID
245 _aNAUGHTY AMELIA JANE
260 _aSINGAPORE
_bMAMMOTH
_c1994
300 _a182
650 _aENGLISH STORY
_zSINGAPORE
942 _cBK
999 _c7226
_d7226